Justino Alves (Registo nº 200887)
[ vista simples ]
| 000 -Etiqueta do registo | |
|---|---|
| Valores | 00478nam 22001693 4500 |
| 100 ## - Dados gerais de processamento | |
| Dados gerais | 20260302d u||y0pory50 ba |
| 200 ## - Titulo e menção de responsabilidade | |
| Título próprio | Justino Alves |
| Informação de outro título | o pintor e sua filosofia |
| Primeira menção de responsabilidade | Y.K.Centeno |
| 210 ## - Publicação | |
| Local de publicação | Lisboa |
| Nome do editor | Imprensa Nacional - Casa da Moeda |
| Data de publicação | 1985 |
| 215 ## - Descrição física | |
| Paginação / Volumes | 79 p. |
| Outras indicações físicas | Brochado |
| Dimensões | 24 cm |
| 606 ## - Nome comum usado como assunto | |
| ID Autoridade | 14033 |
| Palavra de ordem | Pintura |
| 675 ## - CDU | |
| Notação | 75 |
| Edição | PT |
| Língua | por |
| 700 ## - Autor principal (pessoa individual) | |
| ID Autoridade | 16581 |
| Apelido | Centeno |
| Nome | Y.K. |
| 801 ## - Fonte de origem | |
| País | PT |
| Agência | BMMN |
| Regras de catalogação | RPC |
| 830 ## - Notas gerais do catalogador | |
| Criado por | Fernando |
| Indexado por | Fernando |
| 990 ## - Elementos KOHA | |
| Tipo de documento | Livro |
| Situação do levantamento | Biblioteca de origem | Código de barras | Cota | Permissão de empréstimo | Tipo de documento | Forma de aquisição |
|---|---|---|---|---|---|---|
| Biblioteca Municipal de Montemor-o-Novo | 30147 | 75 CEN|DEP | Livro | Compra |